Statistiques concernant Disney Infinity Tous les personnages

Cliquez ici pour prendre le quiz!

Statistiques générales

  • Ce quiz a été pris 391 fois
  • Le résultat moyen est 43 sur 104

Statistiques - réponses

FilmPersonnage% Correct
MickeyMickey
86%
La Reine des NeigesElsa
84%
RaiponceRaiponce
84%
La Reine des NeigesAnna
82%
Alice au Pays des MerveillesAlice
81%
La Fée ClochetteClochette
81%
AladdinAladdin
80%
Toy StoryWoody
79%
Toy StoryBuzz L'Eclair
78%
AladdinJasmine
78%
MickeyMinnie
78%
Le Monde de NemoNemo
78%
Spider-ManSpiderman
77%
Les Mondes de RalphRalph
76%
Lilo et StitchStitch
76%
MulanMulan
75%
Monstres AcademyBob Razowski
74%
MickeyDonald
74%
AvengersIron Man
73%
Vice-VersaColère
72%
Vice-VersaJoie
72%
La Reine des NeigesOlaf
72%
Pirates des CaraibesJack Sparrow
71%
Le Monde de NemoDory
70%
MaléfiqueMaléfique
70%
Vice-VersaPeur
70%
Vice-VersaTristesse
70%
Les IndestructiblesViolette
68%
Phineas et FerbPhineas
67%
Vice-VersaDégoût
66%
AvengersHulk
66%
AvengersCaptain America
65%
Monstres AcademySully
65%
CarsFlash McQueen
64%
AvengersThor
64%
Les IndestructiblesFlèche
62%
Les Gardiens de la GalaxieGroot
57%
RebelleMerida
56%
CarsMartin
54%
Star WarsDark Vador
53%
Le Livre de la JungleBaloo
50%
Alice au Pays des MerveillesLe Chapelier Fou
50%
Star WarsLuke Skywalker
50%
Toy StoryJessie
47%
Les IndestructiblesMme Indestructible
46%
Les IndestructiblesMr Indestructible
46%
Star WarsHan Solo
45%
AvengersBlack Widow
44%
ZootopieJudy Hopps
44%
ZootopieNick Wilde
44%
Star WarsPrincesse Leia
44%
Les Mondes de RalphVanellope
41%
Les Gardiens de la GalaxieGamora
39%
Les Gardiens de la GalaxieStar-Lord
37%
Star Wars : The Clone WarsAnakin Skywalker
36%
Star Wars : The Clone WarsYoda
36%
Les Nouveaux HérosBaymax
35%
Star WarsChewbacca
31%
Les Gardiens de la GalaxieDrax
31%
AvengersLoki
31%
Les Nouveaux HérosHiro
30%
Monstres AcademyLéon
29%
Star Wars : The Clone WarsObi Wan Kenobi
29%
AvengersHawkeye
28%
AvengersPanthère Noire
28%
Star Wars : Le Réveil de la ForceRey
24%
AvengersAnt-Man
23%
Pirates des CaraibesBarbossa
22%
Les IndestructiblesSyndrome
22%
Star Wars : Le Réveil de la ForceFinn
20%
Spider-ManVenom
20%
AvengersVision
20%
Star Wars : Le Réveil de la ForceKylo Ren
19%
Pirates des CaraibesDavy Jones
17%
AvengersUltron
17%
L'étrange Noël de Mr JackJack Skellington
16%
Spider-ManLe Bouffon Vert
16%
AvengersNick Fury
16%
Star Wars : The Clone WarsDark Maul
14%
AvengersFalcon
13%
Star Wars : Le Réveil de la ForcePoe Dameron
13%
Les Gardiens de la GalaxieRocket Raccoon
13%
Les Gardiens de la GalaxieYondu
11%
Les Gardiens de la GalaxieRonan
10%
The Lone RangerLone Ranger
9%
Le Voyage d'ArloSpot
9%
Alice de l'Autre Côté du MiroirTemps
8%
Star Wars : The Clone WarsAhsoka Tano
7%
Phineas et FerbAgent P
6%
Star WarsBoba Fett
6%
CarsFrancesco Bernoulli
6%
CarsHolley Shiftwell
6%
Spider-ManNova
6%
The Lone RangerTonto
6%
Star Wars RebelsEzra Bridger
5%
Spider-ManIron Fist
5%
TronSam Flynn
5%
AvengersHulkbuster
4%
Star Wars RebelsKanan Jarrus
4%
FantasiaMickey l'apprenti sorcier
4%
Star Wars RebelsZeb Orelios
4%
TronQuorra
3%
Star Wars RebelsSabine Wren
3%
AvengersCaptain America - Le Premier
1%

Distribution des résultats

Percentile par nombre de réponses

% des personnes avec chaque résultat

Votre développement - résultats

Vous n’avez pas pris ce quiz